[Event "Chigorin Memorial 18th"]
[Site "St Petersburg"]
[Date "2010.11.05"]
[Round "9"]
[White "Azimova, Karina"]
[Black "Hohluks, Aleksandrs"]
[Result "0-1"]
[WhiteElo "2011"]
[BlackElo "2100"]
[PlyCount "102"]
[EventDate "2010.10.28"]
[EventType "swiss"]
[EventRounds "9"]
[EventCountry "RUS"]
[SourceTitle "EXT 2011"]
[Source "ChessBase"]
[SourceDate "2010.11.26"]
[SourceVersion "1"]
[SourceVersionDate "2010.11.26"]
[SourceQuality "1"]

1. e4 c5 2. Nf3 a6 3. d4 cxd4 4. Nxd4 Nf6 5. Nc3 Qc7 6. Be3 e6 7. Bd3 Nc6 8. Nxc6 dxc6 9. 0-0 e5 10. h3 Bd6 11. Ne2 Be6 12. c3 c5 13. Ng3 c4 14. Bc2 g6 15. Qe2 h5 16. Rfd1 h4 17. Nf1 Rh5 18. Ba4+ Ke7 19. f3 Rc8 20. b4 cxb3 21. Bxb3 Bc4 22. Qf2 Bxf1 23. Kxf1 Bc5 24. Bxc5+ Qxc5 25. Qxc5+ Rxc5 26. Rd3 Rh8 27. Rad1 Rhc8 28. c4 R5c7 29. Kf2 Rd7 30. Ke3 Rxd3+ 31. Rxd3 g5 32. Kd2 Rd8 33. Rxd8 Kxd8 34. c5 Nd7 35. c6 bxc6 36. Bxf7 Kc7 37. Kc3 Kb6 38. Kc4 Nc5 39. Bg8 Nb7 40. Be6 Nd6+ 41. Kb4 Nb5 42. Kc4 Nd4 43. Bd7 Ne2 44. a4 a5 45. Be8 Nf4 46. Bd7 Nxg2 47. Be6 Ne1 48. Bg4 Nc2 49. Kc3 Nb4 50. Kc4 Na6 51. Bf5 Nc5 0-1

[Event "Chigorin Memorial 18th"]
[Site "St Petersburg"]
[Date "2010.10.30"]
[Round "3"]
[White "Hohluks, Aleksandrs"]
[Black "Safronov, Kirill"]
[Result "1-0"]
[WhiteElo "2100"]
[BlackElo "1853"]
[PlyCount "89"]
[EventDate "2010.10.28"]
[EventType "swiss"]
[EventRounds "9"]
[EventCountry "RUS"]
[SourceTitle "EXT 2011"]
[Source "ChessBase"]
[SourceDate "2010.11.26"]
[SourceVersion "1"]
[SourceVersionDate "2010.11.26"]
[SourceQuality "1"]

1. d4 d5 2. Nf3 Nc6 3. Bf4 Bg4 4. Nbd2 e6 5. c3 Bd6 6. Bg3 Bxg3 7. hxg3 Nf6 8. Qa4 Nd7 9. e4 Nb6 10. Qb3 dxe4 11. Nxe4 Qd5 12. Qxd5 exd5 13. Nc5 0-0-0 14. Bb5 f6 15. Kd2 Nc4+ 16. Bxc4 dxc4 17. Rae1 h6 18. Kc1 Rhe8 19. Nd2 b6 20. Na4 Be6 21. f3 Bf7 22. g4 Rxe1+ 23. Rxe1 Kd7 24. b3 cxb3 25. axb3 Re8 26. Rxe8 Kxe8 27. Nb2 Kd7 28. Nd1 b5 29. Ne3 a5 30. Kb2 b4 31. Ne4 bxc3+ 32. Kxc3 Ne7 33. Nc4 Nd5+ 34. Kd2 Nf4 35. Nc5+ Kc8 36. g3 Bxc4 37. bxc4 Ng6 38. Ne6 Ne7 39. Nxg7 Kb7 40. Kc3 c5 41. d5 Nc8 42. Ne8 a4 43. Nxf6 a3 44. Ne4 a2 45. Nxc5+ 1-0

[Event "EU-ch U18 19th"]
[Site "Fermo"]
[Date "2009.09.09"]
[Round "9"]
[White "Ollier, Pablo"]
[Black "Hohluks, Aleksandrs"]
[Result "1/2-1/2"]
[WhiteElo "2226"]
[BlackElo "2085"]
[PlyCount "27"]
[EventDate "2009.08.31"]
[EventType "swiss"]
[EventRounds "9"]
[EventCountry "ITA"]
[SourceTitle "CBM 132 Extra"]
[Source "ChessBase"]
[SourceDate "2009.11.03"]
[SourceVersion "1"]
[SourceVersionDate "2009.11.03"]
[SourceQuality "1"]

1. d4 c5 2. d5 g6 3. e4 d6 4. Nc3 Bg7 5. Nf3 Nf6 6. Bb5+ Nbd7 7. a4 0-0 8. 0-0 a6 9. Be2 b6 10. Nd2 Bb7 11. Re1 e5 12. Nc4 Ne8 13. f4 f5 14. Rf1 1/2-1/2

[Event "EU-ch U18 19th"]
[Site "Fermo"]
[Date "2009.09.08"]
[Round "8"]
[White "Hohluks, Aleksandrs"]
[Black "Gevorgyan, David"]
[Result "0-1"]
[WhiteElo "2085"]
[BlackElo "2141"]
[PlyCount "128"]
[EventDate "2009.08.31"]
[EventType "swiss"]
[EventRounds "9"]
[EventCountry "ITA"]
[SourceTitle "CBM 132 Extra"]
[Source "ChessBase"]
[SourceDate "2009.11.03"]
[SourceVersion "1"]
[SourceVersionDate "2009.11.03"]
[SourceQuality "1"]

1. d4 e6 2. c3 f5 3. g3 Nf6 4. Bg2 c6 5. Nh3 d6 6. Nf4 Be7 7. Qb3 Qb6 8. Nd2 Qxb3 9. axb3 Bd8 10. h4 e5 11. dxe5 dxe5 12. Nd3 e4 13. Nf4 b5 14. b4 Bb6 15. Nf1 Kf7 16. Be3 Nbd7 17. Bxb6 Nxb6 18. Ne3 Rd8 19. b3 g6 20. 0-0 Be6 21. Ra3 Nfd5 22. Nexd5 Nxd5 23. Nxd5 cxd5 24. Rfa1 d4 25. Rxa7+ Rxa7 26. Rxa7+ Kf6 27. cxd4 Rxd4 28. e3 Rxb4 29. Bf1 Rxb3 30. Ra6 Rb1 31. Kg2 Ke7 32. Rb6 b4 33. Rb7+ Kd6 34. Rb6+ Ke7 35. Rb7+ Kf6 36. Rb6 Kf7 37. Rb7+ Kf8 38. Rb8+ Kg7 39. Rb7+ Kh6 40. Rb6 Bd5 41. Bb5 Ra1 42. Bd7 b3 43. Bc8 Rc1 44. Bd7 Kg7 45. Ba4 Rc3 46. h5 gxh5 47. Bd7 Rc2 48. Bxf5 b2 49. Rb5 Ba2 50. Bxe4 b1Q 51. Rxb1 Bxb1 52. Bxc2 Bxc2 53. Kf3 Kf6 54. Kf4 Bd1 55. e4 h6 56. f3 Bc2 57. Ke3 Kg5 58. Kf2 Bd1 59. f4+ Kg4 60. f5 h4 61. gxh4 Kf4 62. f6 Bb3 63. Kg2 Kxe4 64. Kg3 h5 0-1

[Event "EU-ch U18 19th"]
[Site "Fermo"]
[Date "2009.08.31"]
[Round "1"]
[White "Bulanov, Dmitri"]
[Black "Hohluks, Aleksandrs"]
[Result "1-0"]
[WhiteElo "2393"]
[BlackElo "2085"]
[PlyCount "109"]
[EventDate "2009.08.31"]
[EventType "swiss"]
[EventRounds "9"]
[EventCountry "ITA"]
[SourceTitle "CBM 132 Extra"]
[Source "ChessBase"]
[SourceDate "2009.11.03"]
[SourceVersion "1"]
[SourceVersionDate "2009.11.03"]
[SourceQuality "1"]

1. e4 c5 2. Nf3 a6 3. Nc3 e6 4. d4 cxd4 5. Nxd4 Qc7 6. Be2 b5 7. 0-0 Bb7 8. Bf3 d6 9. Re1 Be7 10. a4 bxa4 11. Rxa4 Nd7 12. Bg4 Ngf6 13. Bxe6 Nc5 14. Rc4 fxe6 15. b4 Qd7 16. bxc5 dxc5 17. Nb3 Qxd1 18. Rxd1 Bc6 19. e5 Nd7 20. Rg4 g5 21. f4 0-0-0 22. Na5 Ba8 23. Nc4 Kc7 24. fxg5 Rhf8 25. g6 hxg6 26. Rxg6 Rg8 27. Rxg8 Rxg8 28. g3 Bc6 29. Bf4 Nf8 30. Kf2 Ng6 31. Ne2 Rh8 32. h4 Bb5 33. Ne3 a5 34. c4 Bc6 35. Nc2 Rh5 36. Ne3 Kc8 37. Ng4 a4 38. Ke3 Rh8 39. Nf2 Rh5 40. Nd3 Rh8 41. Nc3 Rd8 42. Ra1 Kc7 43. h5 Nf8 44. Nxa4 Ra8 45. Ndb2 Nd7 46. Ra2 Rh8 47. h6 Bf8 48. Nd3 Bxh6 49. Naxc5 Bxf4+ 50. gxf4 Rh3+ 51. Kd4 Nxc5 52. Nxc5 Rf3 53. Nxe6+ Kd7 54. Nc5+ Kc7 55. Nd3 1-0

[Event "EU-ch U16 17th"]
[Site "Sibenik"]
[Date "2007.09.23"]
[Round "9"]
[White "Krivec, Sandi"]
[Black "Hohluks, Aleksandrs"]
[Result "0-1"]
[WhiteElo "2003"]
[BlackElo "2056"]
[PlyCount "70"]
[EventDate "2007.09.14"]
[EventType "swiss"]
[EventRounds "9"]
[EventCountry "CRO"]
[SourceTitle "CBM 120 Extra"]
[Source "ChessBase"]
[SourceDate "2007.11.01"]
[SourceVersion "1"]
[SourceVersionDate "2007.11.01"]
[SourceQuality "1"]

1. d4 c5 2. d5 g6 3. c4 d6 4. Nc3 Bg7 5. e4 e6 6. Nf3 Ne7 7. Bd3 0-0 8. h3 exd5 9. cxd5 f5 10. 0-0 Nd7 11. Ng5 Nf6 12. e5 dxe5 13. d6 Nc6 14. Bc4+ Kh8 15. Nf7+ Rxf7 16. Bxf7 Nd4 17. Bg5 Qxd6 18. Bxf6 Bxf6 19. Ne2 e4 20. Nxd4 Bxd4 21. Qb3 Bd7 22. Rad1 Bc6 23. Qe6 Qxe6 24. Bxe6 Bb5 25. Rfe1 Bd3 26. Rd2 b5 27. a4 a6 28. Kh1 c4 29. Red1 Be5 30. Rg1 b4 31. h4 c3 32. bxc3 bxc3 33. Ra2 Rb8 34. g3 c2 35. Bc4 Rb1 0-1

[Event "EU-ch U16 17th"]
[Site "Sibenik"]
[Date "2007.09.19"]
[Round "6"]
[White "Hohluks, Aleksandrs"]
[Black "Kuchynka, Lukas"]
[Result "1-0"]
[WhiteElo "2056"]
[BlackElo "2180"]
[PlyCount "71"]
[EventDate "2007.09.14"]
[EventType "swiss"]
[EventRounds "9"]
[EventCountry "CRO"]
[SourceTitle "CBM 120 Extra"]
[Source "ChessBase"]
[SourceDate "2007.11.01"]
[SourceVersion "1"]
[SourceVersionDate "2007.11.01"]
[SourceQuality "1"]

1. d4 Nf6 2. Nf3 g6 3. c4 Bg7 4. Nc3 0-0 5. e4 d6 6. h3 e5 7. d5 a5 8. g4 Na6 9. Bg5 Qe8 10. Nd2 h6 11. Be3 Bd7 12. Rg1 Nh7 13. h4 Qe7 14. Nf3 Nf6 15. Nh2 Nc5 16. Qc2 Nh7 17. g5 h5 18. Be2 f6 19. Bxh5 fxg5 20. Bxg6 g4 21. 0-0-0 Qxh4 22. Rh1 Ng5 23. Nf3 Nxf3 24. Rxh4 Nxh4 25. Bh5 Nf3 26. Bxc5 dxc5 27. Ne2 b6 28. Ng3 Bh6+ 29. Kb1 Nd4 30. Rxd4 cxd4 31. Nf5 Bxf5 32. exf5 Kg7 33. Qa4 Rxf5 34. Qd7+ Kf6 35. Qf7+ Kg5 36. Qg6+ 1-0

[Event "Baltija Cup op 4th"]
[Site "Palanga"]
[Date "2007.06.19"]
[Round "7"]
[White "Plunge, Gintautas Jurgis"]
[Black "Hohluks, Aleksandrs"]
[Result "1/2-1/2"]
[WhiteElo "2143"]
[BlackElo "2056"]
[PlyCount "22"]
[EventDate "2007.06.16"]
[EventType "swiss"]
[EventRounds "8"]
[EventCountry "LTU"]
[SourceTitle "EXT 2022"]
[Source "ChessBase"]
[SourceDate "2021.10.06"]
[SourceVersion "1"]
[SourceVersionDate "2021.10.06"]
[SourceQuality "1"]

1. e4 c5 2. c3 Nf6 3. e5 Nd5 4. d4 cxd4 5. Nf3 e6 6. cxd4 b6 7. Nc3 Nxc3 8. bxc3 Qc7 9. Bd2 Bb7 10. Bd3 d6 11. 0-0 Nd7 1/2-1/2

[Event "Baltija Cup op 4th"]
[Site "Palanga"]
[Date "2007.06.18"]
[Round "5"]
[White "Hohluks, Aleksandrs"]
[Black "Martinkus, Rolandas"]
[Result "1-0"]
[WhiteElo "2056"]
[BlackElo "2297"]
[PlyCount "83"]
[EventDate "2007.06.16"]
[EventType "swiss"]
[EventRounds "8"]
[EventCountry "LTU"]
[SourceTitle "EXT 2022"]
[Source "ChessBase"]
[SourceDate "2021.10.06"]
[SourceVersion "1"]
[SourceVersionDate "2021.10.06"]
[SourceQuality "1"]

1. d4 Nf6 2. c4 g6 3. Nc3 Bg7 4. e4 d6 5. Nf3 0-0 6. h3 e5 7. d5 Nbd7 8. Bg5 h6 9. Be3 Nc5 10. Nd2 a5 11. g4 c6 12. Be2 Bd7 13. h4 b5 14. cxb5 cxb5 15. f3 b4 16. Ncb1 Ne8 17. h5 g5 18. Nc4 Ba4 19. b3 Bb5 20. a4 Bxc4 21. Bxc4 Qb8 22. Nd2 Bf6 23. Bb5 Bd8 24. Bxc5 dxc5 25. Bxe8 Rxe8 26. Rc1 Be7 27. Rc4 Bd6 28. Nf1 Qd8 29. Ne3 Qf6 30. Nf5 Rec8 31. Ke2 Ra7 32. Qd3 Rac7 33. Rhc1 Rb8 34. R1c2 Rb6 35. Qe3 Bf8 36. Rxc5 Bxc5 37. Rxc5 Qd8 38. Qc1 Rxc5 39. Qxc5 Kh7 40. d6 f6 41. Qd5 Qd7 42. Ne7 1-0

[Event "Baltija Cup op 4th"]
[Site "Palanga"]
[Date "2007.06.18"]
[Round "4"]
[White "Petuchovskij, Edgar"]
[Black "Hohluks, Aleksandrs"]
[Result "0-1"]
[WhiteElo "2203"]
[BlackElo "2056"]
[PlyCount "108"]
[EventDate "2007.06.16"]
[EventType "swiss"]
[EventRounds "8"]
[EventCountry "LTU"]
[SourceTitle "EXT 2022"]
[Source "ChessBase"]
[SourceDate "2021.10.06"]
[SourceVersion "1"]
[SourceVersionDate "2021.10.06"]
[SourceQuality "1"]

1. e4 c5 2. Nf3 e6 3. d3 a6 4. g3 b5 5. Bg2 Bb7 6. 0-0 d5 7. Nbd2 Nf6 8. Qe2 Be7 9. Re1 Nc6 10. Nf1 Rc8 11. Bf4 Nd4 12. Nxd4 cxd4 13. e5 Nd7 14. h4 h5 15. Nh2 Qb6 16. Bg5 Qc7 17. Bxe7 Kxe7 18. Rac1 Qa5 19. a3 Rc6 20. Nf3 Qb6 21. Qd2 f6 22. exf6+ gxf6 23. Qb4+ Kf7 24. Qxd4 Rhc8 25. Bh3 Rd6 26. Qf4 Nf8 27. d4 Ng6 28. Ne5+ Kg7 29. Nxg6 Kxg6 30. Bf1 Rh8 31. Re3 Kg7 32. Rce1 Bc8 33. c3 Qd8 34. Qf3 Rb6 35. Bh3 Kf7 36. Qe2 Qd6 37. f4 f5 38. Rd3 Bd7 39. Qe5 Qxe5 40. fxe5 Rc8 41. Kf2 a5 42. Ke3 Kg6 43. Kd2 Rcb8 44. b3 a4 45. Kc2 Ra8 46. Ra1 Rc6 47. Bg2 Rc7 48. bxa4 Rxa4 49. Kb3 Rca7 50. Rd2 R4a5 51. Bf1 Ra4 52. Bd3 Rc7 53. Rg2 Ra8 54. Kc2 Rac8 0-1

[Event "Baltija Cup op 4th"]
[Site "Palanga"]
[Date "2007.06.17"]
[Round "2"]
[White "Hohluks, Aleksandrs"]
[Black "Narmontas, Matas"]
[Result "0-1"]
[WhiteElo "2056"]
[BlackElo "2293"]
[PlyCount "52"]
[EventDate "2007.06.16"]
[EventType "swiss"]
[EventRounds "8"]
[EventCountry "LTU"]
[SourceTitle "EXT 2022"]
[Source "ChessBase"]
[SourceDate "2021.10.06"]
[SourceVersion "1"]
[SourceVersionDate "2021.10.06"]
[SourceQuality "1"]

1. d4 f5 2. g3 Nf6 3. Bg2 e6 4. Nh3 d6 5. c3 c6 6. 0-0 Be7 7. Nd2 e5 8. dxe5 dxe5 9. e4 fxe4 10. Ng5 e3 11. fxe3 Qd3 12. Kh1 Qg6 13. Ngf3 Ng4 14. Nc4 Qe6 15. Qb3 Nd7 16. Ncd2 Qg6 17. c4 0-0 18. h3 Nc5 19. Qc3 e4 20. Nd4 Nf2+ 21. Kh2 Bxh3 22. Ne2 Ng4+ 23. Kg1 Bxg2 24. Kxg2 Qh6 25. Rh1 Rf2+ 26. Kg1 Rh2 0-1

[Event "EU-ch U14"]
[Site "Herceg Novi"]
[Date "2005.09.21"]
[Round "7"]
[White "Khachykian, David"]
[Black "Hohluks, Aleksandrs"]
[Result "1-0"]
[WhiteElo "2001"]
[BlackElo "2055"]
[PlyCount "61"]
[EventDate "2005.09.14"]
[EventType "swiss"]
[EventRounds "9"]
[EventCountry "YUG"]
[SourceTitle "CBM 108 Extra"]
[Source "ChessBase"]
[SourceDate "2005.11.04"]
[SourceVersion "1"]
[SourceVersionDate "2005.11.04"]
[SourceQuality "1"]

1. c4 e5 2. g3 Nc6 3. Bg2 g6 4. Nc3 Bg7 5. Rb1 d6 6. b4 Bf5 7. d3 Qd7 8. b5 Nd8 9. a4 Rc8 10. a5 Ne7 11. Ba3 e4 12. Nxe4 Bxe4 13. Bxe4 Bc3+ 14. Kf1 Bxa5 15. Kg2 f5 16. Bf3 c6 17. h4 Bc7 18. e3 h6 19. Ne2 Rg8 20. Nf4 d5 21. Bxe7 Kxe7 22. bxc6 bxc6 23. cxd5 Bxf4 24. dxc6 Nxc6 25. gxf4 Rg7 26. Rb5 g5 27. Qa1 Rcg8 28. fxg5 hxg5 29. h5 f4 30. Rd5 Qe6 31. Qa3+ 1-0